Eugênia Grandet / (Record no. 281)

MARC details
000 -LÍDER
campo de controle de tamanho fixo 01615nam a22003377a 4500
001 - NÚMERO DE CONTROLE
campo de controle 281
003 - IDENTIFICADOR DO NÚMERO DE CONTROLE
campo de controle OSt
005 - DATA E HORÁRIO DA ÚLTIMA TRANSAÇÃO
campo de controle 20250528074017.0
008 - CAMPO DE DADOS FIXOS--INFORMAÇÃO GERAL
campo de controle de tamanho fixo 250315b |||||||| |||| 00| 0 eng d
040 ## - FONTE DA CATALOGAÇÃO
Idioma da catalogação por
041 ## - CÓDIGO DE IDIOMA
Código do idioma do original e/ou traduções intermediárias do texto fre
Código do idioma do texto/trilha sonora ou título diferente por
082 ## - CDD - CLASSIFICAÇÃO DECIMAL DE DEWEY
Número de Classificação 843
Número do exemplar B198e
100 1# - ENTRADA PRINCIPAL--NOME PESSOAL
Nome pessoal Balzac, Honoré de,
Datas associadas ao nome 1799-1850
9 (RLIN) 518
240 ## - TÍTULO UNIFORME
Título uniforme Eugénie Grandet
245 ## - TÍTULO
Título Eugênia Grandet /
Indicação de responsabilidade, etc. Balzac, Honoré de ; Tradução de Moacir Werneck de Castro
250 ## - EDIÇÃO
Declaração de edição 2 ed.
260 ## - PUBLICAÇÃO, DISTRIBUIÇÃO, ETC.
Local de publicação, distribuição, etc. São Paulo
Nome do editor, distribuidor, etc. Abril
Data da publicação, distribuição, etc. 1971
300 ## - DESCRIÇÃO FÍSICA
Extensão 230 p.
490 1# - TÍTULO DA SÉRIE
Título da série Os Imortais da Literatura Universal
520 ## - NOTA DE RESUMO, ETC.
Resumo, etc. Eugênia Grandet (1833), conta a história de um amor frustrado e ao mesmo tempo da falta de adaptação das pessoas à sociedade materialista. Eugênia é filha de um dos maiores avarentos já descritos na literatura. O livro foi tão bem recebido que Balzac se irritava com as críticas positivas. – Ora, deixem-me. Os que me chamam de pai de Eugênia Grandet querem me diminuir. É, decerto, uma obra-prima, mas uma obra-prima pequena. Eles evitam citar as grandes, dizia Balzac. POR QUE LER – Balzac foi um dos grandes retratistas da burguesia francesa do século XIX e possuía extrema habilidade para criar personagens.<br/>
650 #0 - ASSUNTO--TERMO TÓPICO
Cabeçalho tópico ou nome geográfico Literatura francesa
9 (RLIN) 122
650 #0 - ASSUNTO--TERMO TÓPICO
Cabeçalho tópico ou nome geográfico Crítica social
9 (RLIN) 514
650 #0 - ASSUNTO--TERMO TÓPICO
Cabeçalho tópico ou nome geográfico Amor e sacrifício
9 (RLIN) 519
650 #0 - ASSUNTO--TERMO TÓPICO
Cabeçalho tópico ou nome geográfico Clássicos
9 (RLIN) 77
650 #0 - ASSUNTO--TERMO TÓPICO
Cabeçalho tópico ou nome geográfico Romance Psicológico
9 (RLIN) 509
655 #0 - TERMO DE ÍNDICE--GÊNERO E FORMA
Gênero/forma/ou termo foco Romance
655 #0 - TERMO DE ÍNDICE--GÊNERO E FORMA
Gênero/forma/ou termo foco Ficção
700 1# - ENTRADA ADICIONADA - NOME PESSOAL
Nome pessoal Castro, Moacir Werneck de,
Datas associadas ao nome 1915-2010
Função do autor por extenso TRADUTOR
9 (RLIN) 520
830 ## - ENTRADA SECUNDÁRIA DE SÉRIE--TÍTULO UNIFORME
Título uniforme Os Imortais da Literatura Universal
9 (RLIN) 461
Número do volume ou designação sequencial da série vol. 6
942 ## - ELEMENTOS DE ENTRADA ADICIONADOS (KOHA)
Fonte de classificação ou esquema de arquivamento Classificação decimal de Dewey
Ocultar no OPAC Não
Tipo de material Koha Livros
Holdings
Situação do descarte Situação das perdas Fonte de classificação ou esquema de arquivamento Status danificado Não pode ser emprestado Coleção Biblioteca de origem Biblioteca atual Localização na estante Data de aquisição Fonte de aquisição Total de empréstimos Número de chamada completo Código de barras Data de último acesso Data do preço efetivo Tipo de material Koha
    Classificação decimal de Dewey     Ficção Biblioteca Professor Eduardo Afonso de Castro Biblioteca Professor Eduardo Afonso de Castro Literatura Estrangeira 15.03.2025 doação   843 / B198e 2025-17236 15.03.2025 15.03.2025 Livros

Powered by Koha